| 000 | 00497nam a2200145Ia 4500 | ||
|---|---|---|---|
| 008 | 170221s9999 xx 000 0 und d | ||
| 100 | _aChe Su Mustaffa | ||
| 245 | _aAntecedents of Flood Victims Psychological Well-Being: A Quantitative Analysis | ||
| 245 | _cChe Su Mustaffa, Nurlela Zakaria | ||
| 260 | _bInternational Review of Management and Marketing | ||
| 260 | _c2016 | ||
| 300 | _a15 : 22 | ||
| 650 | _xMarketing. | ||
| 856 | _uhttp://www.econjournals.com/index.php/irmm/issue/view/97 | ||
| 999 |
_c311910 _d311910 |
||